Austrian Grand Prix Winners (Formula 1) - Statistics

General Stats
  • This quiz has been taken 313 times
  • The average score is 17 of 28
Answer Stats
Year City Winner % Correct
1984 Spielberg Niki Lauda
97%
2002 Spielberg Michael Schumacher
94%
2003 Spielberg Michael Schumacher
94%
2014 Spielberg Nico Rosberg
89%
1983 Spielberg Alain Prost
86%
1985 Spielberg Alain Prost
86%
1986 Spielberg Alain Prost
86%
1998 Spielberg Mika Hakkinen
86%
2000 Spielberg Mika Hakkinen
86%
1997 Spielberg Jacques Villeneuve
75%
2001 Spielberg David Coulthard
71%
1972 Spielberg Emerson Fittipaldi
69%
1987 Spielberg Nigel Mansell
69%
1977 Spielberg Alan Jones
67%
1979 Spielberg Alan Jones
67%
1999 Spielberg Eddie Irvine
60%
1963 Zeltweg Jack Brabham
44%
1973 Spielberg Ronnie Peterson
44%
1978 Spielberg Ronnie Peterson
44%
1974 Spielberg Carlos Reutemann
43%
1970 Spielberg Jacky Ickx
41%
1981 Spielberg Jacques Laffite
35%
1976 Spielberg John Watson
33%
1982 Spielberg Elio de Angelis
26%
1980 Spielberg Jean-Pierre Jabouille
19%
1975 Spielberg Vittorio Brambilla
19%
1964 Zeltweg Lorenzo Bandini
15%
1971 Spielberg Joseph Siffert
11%
No matching quizzes found
Score Distribution
Percent of People with Each Score
Percentile by Number Answered
Your Score History
You have not taken this quiz